Отверженные: Роман : В 2 т. : Пер. с фр.; Т. 2

Podrobná bibliografie
Hlavní autor: Гюго В. М. Виктор Мари
Jazyk:ruština
Vydáno: Минск, Народная асвета, 1989
Témata:
Médium: Kniha
KOHA link:https://koha.lib.tpu.ru/cgi-bin/koha/opac-detail.pl?biblionumber=118019

MARC

LEADER 00000nam0a2200000 4500
001 118019
005 20231101215436.0
010 |a 5341003918 
010 |a 5-341-00233-4 
020 |a RU  |b 89-17864 
035 |a (RuTPU)RU\TPU\book\127734 
090 |a 118019 
100 |a 20070607d1989 m y0rusy5003 ca 
101 1 |a rus  |c fre 
102 |a BY 
105 |a y z 000ay 
200 1 |a Отверженные  |e Роман : В 2 т. : Пер. с фр.  |h Т. 2  |f В. М. Гюго 
210 |a Минск  |c Народная асвета  |d 1989 
215 |d 22 см  |a 751 с. 
610 1 |a Франция 
610 1 |a романы 
610 1 |a революционное движение 
610 1 |a 19 век 
675 |a 84  |z rus  |v 3 
700 1 |a Гюго  |b В. М.  |c французский писатель-романтик  |f 1802-1885  |g Виктор Мари  |2 stltpush  |3 (RuTPU)RU\TPU\pers\1778  |9 730 
801 0 |a RU  |b RuMRKP  |c 19950417  |g psbo 
801 1 |a RU  |b 63413507  |c 20070607  |g PSBO 
801 2 |a RU  |b 63413507  |c 20070827  |g PSBO 
942 |c BK